Agua (Record no. 101581)

MARC details
000 -LEADER
fixed length control field 00856nam a22002177a 4500
005 - DATE AND TIME OF LATEST TRANSACTION
control field 20230823082839.0
008 - FIXED-LENGTH DATA ELEMENTS--GENERAL INFORMATION
fixed length control field 220601b mx ||||| |||| 00| 0 spa d
050 04 - LIBRARY OF CONGRESS CALL NUMBER
Classification number TD430
Item number A44 1968
110 2# - MAIN ENTRY--CORPORATE NAME
Corporate name or jurisdiction name as entry element American Water Works Association.
240 10 - UNIFORM TITLE
Uniform title Water Quality and treatment.
Language of a work Español.
245 10 - TITLE STATEMENT
Title Agua
Remainder of title : su calidad y tratamiento
Statement of responsibility, etc / Manual preparado por la American water works association ; traducción Jack M. Verrey, Julio Colon Manrique.
250 ## - EDITION STATEMENT
Edition statement 1a ed.
260 ## - PUBLICATION, DISTRIBUTION, ETC. (IMPRINT)
Place of publication, distribution, etc México :
Name of publisher, distributor, etc Unión Tipográfica Editorial Hispano Americana,
Date of publication, distribution, etc 1968.
300 ## - PHYSICAL DESCRIPTION
Extent ix, 564 p. :
Other physical details il. ;
Dimensions 24 cm.
500 ## - GENERAL NOTE
General note Incluye bibliografía
650 #7 - SUBJECT ADDED ENTRY--TOPICAL TERM
Source of heading or term lemb
Topical term or geographic name as entry element Agua
General subdivision Purificacion
Form subdivision Manuales
650 #7 - SUBJECT ADDED ENTRY--TOPICAL TERM
Source of heading or term lemb
Topical term or geographic name as entry element Agua
General subdivision Tratamiento
Form subdivision Manuales
700 1# - ADDED ENTRY--PERSONAL NAME
Personal name Verrey, Jack M.,
Relator term traductor
700 1# - ADDED ENTRY--PERSONAL NAME
Personal name Colon Manrique, Julio,
Relator term traductor
942 ## - ADDED ENTRY ELEMENTS (KOHA)
Source of classification or shelving scheme Biblioteca del Cogreso de los Estados Unidos
Koha item type Libro
Holdings
Estado de pérdida Fuente de clasificación Estado del daño No para préstamo Ubicación permanente Ubicación actual Apartado o colección Fecha de adquisición Edición Área del conocimiento Total Checkouts Clasificación Código de Barras Date last seen Número de copia Costo por reposición Tipo de recurso
  Biblioteca del Cogreso de los Estados Unidos     Biblioteca de la Unidad de Ciencias Ingeniería y Humanidades Biblioteca de la Unidad de Ciencias Ingeniería y Humanidades Consulta 01/06/2022 1a ed. Ingeniería y Tecnología   TD430 A44 1968 BCU000011401 01/06/2022 1 1.00 Libro
  Biblioteca del Cogreso de los Estados Unidos     Biblioteca de la Unidad de Ciencias Ingeniería y Humanidades Biblioteca de la Unidad de Ciencias Ingeniería y Humanidades Consulta 08/08/2023 1a ed. Ingeniería y Tecnología   TD430 A44 1968 BCU000023571 08/08/2023 2 1.00 Libro
  Biblioteca del Cogreso de los Estados Unidos     Biblioteca de la Unidad de Ciencias Ingeniería y Humanidades Biblioteca de la Unidad de Ciencias Ingeniería y Humanidades Consulta 09/08/2023 1a ed. Ingeniería y Tecnología   TD430 A44 1968 BCU000023579 09/08/2023 3 1.00 Libro
  Biblioteca del Cogreso de los Estados Unidos     Biblioteca de la Unidad de Ciencias Ingeniería y Humanidades Biblioteca de la Unidad de Ciencias Ingeniería y Humanidades Consulta 09/08/2023 1a ed. Ingeniería y Tecnología   TD430 A44 1968 BCU000023580 09/08/2023 4 1.00 Libro
  Biblioteca del Cogreso de los Estados Unidos     Biblioteca de la Unidad de Ciencias Ingeniería y Humanidades Biblioteca de la Unidad de Ciencias Ingeniería y Humanidades Consulta 09/08/2023 1a ed. Ingeniería y Tecnología   TD430 A44 1968 BCU000023581 09/08/2023 5 1.00 Libro
  Biblioteca del Cogreso de los Estados Unidos     Biblioteca de la Unidad de Ciencias Ingeniería y Humanidades Biblioteca de la Unidad de Ciencias Ingeniería y Humanidades Consulta 09/08/2023 1a ed. Ingeniería y Tecnología   TD430 A44 1968 BCU000023582 09/08/2023 6 1.00 Libro
  Biblioteca del Cogreso de los Estados Unidos     Biblioteca de la Unidad de Ciencias Ingeniería y Humanidades Biblioteca de la Unidad de Ciencias Ingeniería y Humanidades General 23/08/2023 1a ed. Ingeniería y Tecnología   TD430 A44 1968 BCU000023798 23/08/2023 7 1.00 Libro